000
00288nam a22001337a 4500
008
170522b xxu||||| |||| 00| 0 eng d
020
_a
9780415925174
041
_a
eng
080
_2
3RD
_a
94
100
_a
16
101
_a
SHH
245
_a
UNEQUAL SISTERS
_c
RUIZ, V.L
942
_2
udc
_c
BK
999
_c
13690
_d
13690